01057cam a22002894a 4500999001700000001000900017005001700026008004100043010001700084020002800101040001800129042000800147050002100155100002200176245010700198250001300305260003500318300003300353504005100386650003700437650001200474650005800486650003300544700003700577942003200614952012100646 c17948d179481386015820161130110711.0050203s2006 maua b 001 0 eng  a 2005041576 a0072972807 (alk. paper) aDLCcDLCdDLC apcc00aGV341b.W85 20061 aWuest, Deborah A.10aFoundations of physical education, exercise science, and sport /cDeborah A. Wuest, Charles A. Bucher. a15th ed. aBoston :bMcGraw-Hill,cc2006. axv, 583 p. :bill. ;c24 cm. aIncludes bibliographical references and index. 0aPhysical education and training. 0aSports. 0aPhysical education and trainingxVocational guidance. 0aSportsxVocational guidance.1 aBucher, Charles Augustus,d1912- 2lcccBOOKShGV341 .W85 2006 00102lcc4070aMUCbMUCcTECHd2016-11-30eDonation(BFA)l0oGV341 .W85 2006p28574r2018-07-17w2016-11-30yBOOKS